| 000 | nam a22 7a 4500 | ||
|---|---|---|---|
| 999 |
_c330441 _d330441 |
||
| 003 | ASAB | ||
| 005 | 20170712165727.0 | ||
| 008 | 170712b xxu||||| |||| 00| 0 eng d | ||
| 040 | _cASAB | ||
| 082 | _aThesis 2016 AKK | ||
| 100 |
_aAysha Karim Kiani _93261 |
||
| 245 |
_aTh-PhD-Association study of type 1 diabetes risk Loci and shared genetic link with Rheumatoid Arthritis in Pakistani Patients. _cAysha Karim Kiani-sup-Dr. Peter John. |
||
| 260 |
_aIslamabad. _bAtta Ur Rahman School of Applied Biosciences NUST. _c2016. |
||
| 300 | _a231 P. | ||
| 630 |
_aRheumatoid Arthritis. _93226 |
||
| 942 |
_2ddc _cTH |
||